Autorita riaditeľa a manažérske funkcie v práci školy nájsť spôsob na presvedčenie tímu
Interpersonálna rola riaditeľa, spolupráca, kolegiálne vzťahy a kontakty. Škola a organizačná kultúra. Tímová a manažérska práca riaditeľa školy. Sociálna percepcia a medziľudské vzťahy pri zabezpečovaní kvality školy.
Salvato in:
| Autore principale: | |
|---|---|
| Natura: | Capitolo di libro |
| Lingua: | slovacco |
| Soggetti: | |
| Tags: |
Nessun Tag, puoi essere il primo ad aggiungerne!!
|
MARC
| LEADER | 00000naa a2200000 4500 | ||
|---|---|---|---|
| 001 | 0126371 | ||
| 005 | 20231127102410.6 | ||
| 041 | 0 | |a slo | |
| 044 | |a SK | ||
| 245 | 1 | 0 | |a Autorita riaditeľa a manažérske funkcie v práci školy |b nájsť spôsob na presvedčenie tímu |c Jolana Manniová |
| 520 | |a Interpersonálna rola riaditeľa, spolupráca, kolegiálne vzťahy a kontakty. Škola a organizačná kultúra. Tímová a manažérska práca riaditeľa školy. Sociálna percepcia a medziľudské vzťahy pri zabezpečovaní kvality školy. | ||
| 610 | 2 | 0 | |a školstvo |
| 610 | 2 | 0 | |a školy |
| 610 | 2 | 0 | |a vzdelávanie |
| 610 | 2 | 0 | |a výchova |
| 610 | 2 | 0 | |a vyučovanie |
| 610 | 2 | 0 | |a riaditelia |
| 610 | 2 | 0 | |a učitelia |
| 610 | 2 | 0 | |a autorita |
| 610 | 2 | 0 | |a vedenie ľudí |
| 610 | 2 | 0 | |a vzťahy medziľudské |
| 610 | 2 | 0 | |a kolektív pracovný |
| 100 | 1 | |a Manniová, Jolana | |